banner koha

Leaf and root allelopathic potential of the Vernonanthura brasiliana (Registro n. 9107)

MARC details
000 -LÍDER
fixed length control field 04204nab a2200349 i 4500
003 - CÓDIGO MARC DA AGÊNCIA CATALOGADORA
Campo de controle BR-BrBNA
005 - DATA E HORA DA ÚLTIMA ATUALIZAÇÃO
Campo de controle 20230915085752.0
008 - CAMPO DE TAMANHO FIXO
fixed length control field 230515b2019 bl.ar|poo|||| 00| 0 eng |
040 ## - FONTE DA CATALOGAÇÃO
Agência catalogadora BR-BrBNA
Idioma da catalogação eng
072 ## - CATEGORIA AGRIS
Código AGRIS H60
Código do objeto 1660
100 ## - ENTRADA PRINCIPAL - NOME PESSOAL
Nome pessoal Nishimuta, H.A.
100 ## - ENTRADA PRINCIPAL - NOME PESSOAL
Nome pessoal Rossi, A.A.B.
100 ## - ENTRADA PRINCIPAL - NOME PESSOAL
Nome pessoal Yamashita, O.M.
100 ## - ENTRADA PRINCIPAL - NOME PESSOAL
Nome pessoal Pena, G.F.
100 ## - ENTRADA PRINCIPAL - NOME PESSOAL
Nome pessoal Santos, P.H.A.D.
100 ## - ENTRADA PRINCIPAL - NOME PESSOAL
Nome pessoal Giustina, L.D.
100 ## - ENTRADA PRINCIPAL - NOME PESSOAL
Nome pessoal Rossi, F.S.
245 ## - TÍTULO PRINCIPAL
Título principal Leaf and root allelopathic potential of the Vernonanthura brasiliana
500 ## - NOTA GERAL
Nota geral Publicação on-line; 29 ref.; 4 tables; 2 illus.; Summaries (En, Pt)
942 ## - ADDED ENTRY ELEMENTS (KOHA)
Koha item type
520 ## - NOTA DE RESUMO
Nota de conteúdo <br/><br/>ABSTRACT - The Brazilian native weed assa-peixe (Vernonanthura brasiliana) is<br/>considered one of the main invasive plant species of pasture areas in the Amazon. It<br/>is thus necessary to know their biology and their behavior in the environment, and<br/>to enhance the development of management strategies, minimizing the use of<br/>herbicides. The objective of this study was to test the allelopathic effect on the<br/>germination and growth of the bioindicator species Lactuca sativa from leaf and<br/>root extracts obtained from fresh and dry V. brasiliana. The experiment consisted of<br/>six treatments with concentrations of 0, 12.5, 25, 50, 100, and 200 mg mL-1, using four<br/>replicates per treatment. The evaluated parameters were: germination percentage,<br/>first count, germination speed index, and shoot and root length. The aqueous extract<br/>of fresh V. brasiliana roots caused an allelopathic effect on all evaluated parameters,<br/>while the dry root extract only affected the germination speed index. Root growth<br/>inhibition and growth stimulation of lettuce seedlings were verified when submitted<br/>to dry and fresh root extracts. Extracts of V. brasiliana caused an allelopathic effect<br/>on the species Lactuca sativa L., where the aqueous extracts of dry leaves and fresh<br/>roots were the most influential.<br/><br/>Keywords: assa-peixe, Lactuca sativa L., allelopathy, germination.
520 ## - NOTA DE RESUMO
Nota de conteúdo <br/><br/>RESUMO - A espécie de planta daninha assa-peixe (Vernonanthura brasiliana)<br/>tem se destacado como uma das principais espécies vegetais invasoras de áreas de<br/>pastagens na Amazônia, tornando-se importante a necessidade da produção de<br/>informações acerca da sua biologia, visando o conhecimento de seu comportamento<br/>no ambiente e potencializando o desenvolvimento de estratégias de manejo,<br/>minimizando o uso de herbicidas. O presente estudo teve como objetivo testar o<br/>efeito alelopático na germinação e crescimento da espécie bioindicadora Lactuca<br/>sativa a partir de extratos de folhas e raiz obtidos de V. brasiliana em estado fresco<br/>e seco. O experimento consistiu de seis tratamentos, com concentrações de 0; 12,5;<br/>25; 50; 100; e 200 mg mL-1, utilizando quatro repetições por tratamento. Os<br/>parâmetros avaliados foram: porcentagem de germinação, primeira contagem,<br/>índice de velocidade de germinação e comprimento da parte aérea e radicular das<br/>plântulas. O extrato aquoso das raízes frescas de V. brasiliana provocou efeito<br/>alelopático em todos os parâmetros avaliados, enquanto o extrato de raízes secas<br/>só afetou o índice de velocidade de germinação. Verificou-se inibição no<br/>crescimento da parte radicular e estímulo no crescimento da parte aérea das<br/>plântulas de alface quando submetidas aos extratos das raízes secas e frescas.<br/>Extratos de V. brasiliana ocasionaram efeito alelopático sobre a espécie Lactuca<br/>sativa L., sendo os extratos aquosos das folhas secas e das raízes frescas os que<br/>apresentaram maior influência.<br/><br/>Palavras-chave: assa-peixe, Lactuca sativa L., alelopatia, germinação.
650 ## - ASSUNTO - THESAGRO
Cabeçalho tópico ou nome geográfico ASSA PEIXE
650 ## - ASSUNTO - THESAGRO
Cabeçalho tópico ou nome geográfico ERVA DANINHA
650 ## - ASSUNTO - THESAGRO
Cabeçalho tópico ou nome geográfico LACTUCA SATIVA
650 ## - ASSUNTO - THESAGRO
Cabeçalho tópico ou nome geográfico ALFACE
650 ## - ASSUNTO - THESAGRO
Cabeçalho tópico ou nome geográfico ALELOPATIA
650 ## - ASSUNTO - THESAGRO
Cabeçalho tópico ou nome geográfico GERMINAÇÃO
773 0# - ENTRADA ANALÍTICA
Host Biblionumber 886
Registro do item 1816
Imprenta Londrina-PR : Sociedade Brasileira da Ciência das Plantas Daninhas, 1978
Outro identificador 2023-031023
Título Planta Daninha (Brazil)
ISSN 0100-8358; 1806-9681 (on-line)
Colação v. 37 p. 1-8; (2019)
Número de controle de registro BR2023000362
856 ## - ACESSO E ENDEREÇO ELETRÔNICO
Identificador uniforme de recurso - URI https://www.scielo.br/j/pd/a/Tyyxj7k9bFvt8Fbcjths8tg/?format=pdf&lang=en

Nenhum exemplar disponível.

BINAGRI

Telefone: (61)3218-2567/2388/3357/2097 - binagri@agro.gov.br

Ministério da Agricultura e Pecuária , Esplanada dos Ministérios, Bloco D, Anexo B, Brasília/DF, CEP: 70.043-900